Pascal / (Record no. 176509)

MARC details
000 -LEADER
campo de control de longitud fija 00717nam a22002175i 4500
001 - NÚMERO DE CONTROL
campo de control 176509
003 - IDENTIFICADOR DE NÚMERO DE CONTROL
campo de control ES-MaACL
005 - FECHA Y HORA DE LA ÚLTIMA TRANSACCIÓN
campo de control 20250714063722.0
008 - DATOS DE LONGITUD FIJA--INFORMACIÓN GENERAL
campo de control de longitud fija 110120s1964 sp |||| | cat d
080 ## - NÚMERO DE LA CLASIFICACIÓN DECIMAL UNIVERSAL
Número de la Clasificación Decimal Universal 1 Pascal, Blaise
245 00 - MENCIÓN DEL TÍTULO
Título Pascal /
Mención de responsabilidad, etc. Maduell ... [et al.].
260 ## - PUBLICACIÓN, DISTRIBUCIÓN, ETC.
Lugar de publicación, distribución, etc. Barcelona :
Nombre del editor, distribuidor, etc. Editorial Franciscana,
Fecha de publicación, distribución, etc. 1964.
300 ## - DESCRIPCIÓN FÍSICA
Extensión 149 p. ;
Dimensiones 19 cm.
490 1# - MENCIÓN DE SERIE
Mención de serie Critèrion. Col·lecció Ideològica ;
Designación de volumen o secuencia 22
546 ## - NOTA DE IDIOMA
Nota de lengua/lenguaje Texto en catalán.
600 14 - PUNTO DE ACCESO ADICIONAL DE MATERIA--NOMBRE DE PERSONA
Nombre de persona Pascal, Blaise,
Fechas asociadas al nombre 1623-1662-
Subdivisión general Crítica e interpretación
9 (RLIN) 89308
700 0# - ENTRADA AGREGADA--NOMBRE PERSONAL
Nombre de persona Maduell, Àlvar.
9 (RLIN) 144806
830 0# - PUNTO DE ACCESO ADICIONAL DE SERIE-TÍTULO UNIFORME
Título uniforme Critèrion. Col·lecció Ideològica ;
Designación de volumen o secuencia 22
9 (RLIN) 190094
852 ## - LOCALIZACIÓN
Ubicación ES-MaACL
Número de control de estantería E-14111
Encuadernación Olim P-735
Holdings
Estatus retirado Estado de pérdida Estado de daño No para préstamo Biblioteca de origen Biblioteca actual Ubicación en estantería Fecha de adquisición Fuente de adquisición Total de préstamos Signatura topográfica completa Código de barras Visto por última vez Precio de reemplazo Tipo de ítem Koha
        Biblioteca del Ateneo de Madrid Biblioteca del Ateneo de Madrid Depósito 2 20/01/2011     E-14111 1185370 23/02/2023 23/02/2023 Libro impreso